| 000 | 00332nam a2200121Ia 4500 | ||
|---|---|---|---|
| 005 | 20251222154304.0 | ||
| 008 | 251222s9999||||xx |||||||||||||| ||spa|| | ||
| 020 | _a84-7758-690-X | ||
| 082 | _a641.5/G45 | ||
| 100 | _a"Gil de Anturano, María Jesús" | ||
| 245 | 0 | _a"El mundo de la cocina: Verduras, ensaladas y dietas" | |
| 942 | _cLIB | ||
| 999 |
_c33150 _d33150 |
||